| 000 | 01632nam0a22002771 4500 | ||
|---|---|---|---|
| 001 | RU\NLR\19V\934021 | ||
| 005 | 20250614042115.0 | ||
| 035 | _a(NLR Aleph) 010351593 | ||
| 090 |
_a10747958 _c10747958 |
||
| 100 | _a20121203d1899 |||y0rusy50 ca | ||
| 101 | 0 | _arus | |
| 102 | _aRU | ||
| 105 | _aa z ||||| | ||
| 200 | 1 |
_aПолный подарок молодым хозяйкам _eновая необходимая настольная книга в каждом доме и в каждой семье _eновейшая школа поварского и кондитерского искусства... _e2527 описаний приготовлений разных кушаний _eв 6 ч. _eсоставил по последним научным данным гигиены питания и химико-физиологическим изысканиям К.К. Мароховцев |
|
| 210 |
_aМосква _cпечатано со стереотипа, изготовленного в словолитне Пичинского _d1899 |
||
| 215 |
_a[2], 730, LX с. _cил. _d22 |
||
| 517 | 1 |
_aНовая необходимая настольная книга в каждом доме и в каждой семье _aНовейшая школа поварского и кондитерского искусства... _zrus |
|
| 700 | 1 |
_9z01790 _aМороховцев _bК. К. |
|
| 790 | 1 |
_9z01700 _aМароховцев _bК. К. |
|
| 801 | 0 |
_aRU _bNLR _c20121203 _gpsbo |
|
| 801 | 1 |
_aRU _bNLR _c20121203 _2rusmarc |
|
| 801 | 2 |
_aRU _bNLR _c20121203 _2rusmarc |
|
| 852 |
_aNLR _j20.101.2.3 |
||
| 942 | _cBOOK | ||
| 980 | _aNB | ||